000 00355 a2200157 4500
001 74823
020 _a978140507793-4
040 _cAnchieta - Colégio São Paulo
100 _aMilne, Jonh
240 1 0 _aThe magic Barber
_lpor
245 1 0 _aThe magic Barber
300 _a16
362 0 _a2005
650 4 _aLiteratura juvenil em inglês
942 _cBK
999 _c74823
_d74823